000 00417pam a2200169 a 4500
020 _c
041 _h
082 _a615.191
_bCRO
100 _aCrossen, George E.
245 _aPharmaceutical Preparations
_hTextual Documents
250 _a3rd ed.
260 _aPhiladelphia
_bLea and Febiger
300 _a265.
653 _aPharmaceutics(Manufacture & Preparation)
700 _aGoldner, Karl J.
930 _a295
999 _c73610
_d73610